000 00615nam a2200241Ia 4500
005 20260306150207.0
008 008 260114s9999 xx 000 0 eng d
020 _a9780231877114
037 _aEbook
040 _aCRL
040 _beng
040 _cCRL
041 _2eng
041 _aeng
084 _qCRL
245 2 _aA Philosophical Enquiry into the Origin of Our Ideas of the Sublime and Beautiful
260 _bColumbia University Press
260 _c1958
650 _aPhilosophy
856 _uhttps://www.degruyter.com/isbn/9780231877114
942 _cEBOOK
999 _c1694606
_d1694606